00443 a2200157 4500001000700000020001800007041000800025250001000033300001700043490004600060830004600106040002500152100002400177245004500201260003900246106574 a9788581932194 apor a. ed. a29 p. + 1 cd aFolha folclore brasileiro para crianças aFolha folclore brasileiro para crianças aBR-BrIDEAcBR-BrIDEA aOberg, Silviad195610aA cuca e suas históriasc Silvia Oberg a[S.l.]bFolha de São Pauloc2015